00246nam a22000977a 4500008004100000082001500041100002300056245003100079260002900110300000900139230619b xxu||||| |||| 00| 0 eng d a305.2bMEL cDr. Julian Melgosa aTo adolescents and parents aSpainbeditorial safeliz a132p